La historia del hombre (Record no. 176037)

MARC details
000 -LEADER
campo de control de longitud fija 00929nam a22002415i 4500
001 - NÚMERO DE CONTROL
campo de control 176037
003 - IDENTIFICADOR DE NÚMERO DE CONTROL
campo de control ES-MaACL
005 - FECHA Y HORA DE LA ÚLTIMA TRANSACCIÓN
campo de control 20250815062612.0
008 - DATOS DE LONGITUD FIJA--INFORMACIÓN GENERAL
campo de control de longitud fija 101213s1968 sp abf |||| | spa d
080 ## - NÚMERO DE LA CLASIFICACIÓN DECIMAL UNIVERSAL
Número de la Clasificación Decimal Universal 930.85
100 1# - ENTRADA PRINCIPAL--NOMBRE DE PERSONA
Nombre de persona Coon, Carlenton S.
9 (RLIN) 40375
245 13 - MENCIÓN DEL TÍTULO
Título La historia del hombre
Resto del título : desde los orígenes de la humanidad a nuestros días /
Mención de responsabilidad, etc. Carleton S. Coon ; [lo tradujo al castellano Arturo Valls Medina].
260 ## - PUBLICACIÓN, DISTRIBUCIÓN, ETC.
Lugar de publicación, distribución, etc. Madrid :
Nombre del editor, distribuidor, etc. Guadarrama,
Fecha de publicación, distribución, etc. D. L. 1968.
300 ## - DESCRIPCIÓN FÍSICA
Extensión 584, [32] p. , [15] h. de lám. col. , [5] h. de map. pleg. :
Otras características físicas il. bl. y n. ;
Dimensiones 22 cm.
490 1# - MENCIÓN DE SERIE
Mención de serie Biblioteca de ciencias humanas ;
Designación de volumen o secuencia 4
500 ## - NOTA GENERAL
Nota general Índices.
594 ## - Nota al título y mención de responsabilidad
Nota al título y mención de responsabilidad Tít. original: The story of man.
650 07 - PUNTO DE ACCESO ADICIONAL DE MATERIA--TÉRMINO DE MATERIA
Término de materia o nombre geográfico como elemento de entrada Historia universal
Fuente del encabezamiento o término embne
9 (RLIN) 13429
700 0# - ENTRADA AGREGADA--NOMBRE PERSONAL
Nombre de persona Valls Medina, Arturo.
9 (RLIN) 144258
830 0# - PUNTO DE ACCESO ADICIONAL DE SERIE-TÍTULO UNIFORME
Título uniforme Biblioteca de ciencias humanas ;
Designación de volumen o secuencia 4
9 (RLIN) 189910
852 ## - LOCALIZACIÓN
Ubicación ES-MaACL
Número de control de estantería E-13773
Encuadernación Olim P-1350
Holdings
Estatus retirado Estado de pérdida Estado de daño No para préstamo Biblioteca de origen Biblioteca actual Ubicación en estantería Fecha de adquisición Fuente de adquisición Total de préstamos Signatura topográfica completa Código de barras Visto por última vez Precio de reemplazo Tipo de ítem Koha
        Biblioteca del Ateneo de Madrid Biblioteca del Ateneo de Madrid Depósito 2 13/12/2010     E-13773 1184875 23/02/2023 23/02/2023 Libro impreso